[Event "SVK Extraliga 2019-20"]
[Site "Slovakia"]
[Date "2019.10.20"]
[Round "1.5"]
[White "Schwarz, Dusan"]
[Black "Bochnicka, Vladimir"]
[Result "1-0"]
[WhiteElo "2315"]
[BlackElo "2087"]
[Annotator "ChessBase"]
[PlyCount "89"]
[EventDate "2019.10.19"]
[EventType "team-tourn"]
[EventCountry "SVK"]
[SourceTitle "playchess.com"]
[Source "ChessBase"]
[SourceQuality "1"]
[WhiteTeam "Modra"]
[BlackTeam "Bratislava"]
[WhiteTeamCountry "SVK"]
[BlackTeamCountry "SVK"]
[TimeControl "40/5400+30:1800+30"]

1. d4 {[%emt 0:00:00]} d5 {[%emt 0:00:00]} 2. c4 {[%emt 0:00:00]} dxc4 {[%emt 0:00:00]} 3. Nf3 {[%emt 0:00:17]} Nf6 {[%emt 0:00:00]} 4. e3 {[%emt 0:00:20]} e6 {[%emt 0:00:08]} 5. Bxc4 {[%emt 0:00:14]} c5 {[%emt 0:00:10]} 6. O-O {[%emt 0:00:40]} a6 {[%emt 0:00:08]} 7. a4 {[%emt 0:00:25]} Nc6 {[%emt 0:00:11]} 8. Qe2 {[%emt 0:01:46]} cxd4 {[%emt 0:00:35]} 9. Rd1 {[%emt 0:00:37]} Be7 {[%emt 0:00:17]} 10. exd4 {[%emt 0:01:07]} O-O {[%emt 0:00:19]} 11. Nc3 {[%emt 0:01:09]} Nb4 {[%emt 0:00:25]} 12. Bg5 {[%emt 0:00:30]} Nbd5 {[%emt 0:07:21]} 13. Ne5 {[%emt 0:04:27]} h6 {[%emt 0:26:39]} 14. Bh4 {[%emt 0:13:12]} g5 {[%emt 0:15:39]} 15. Bg3 {[%emt 0:00:47]} Bd7 {[%emt 0:00:32]} 16. Bb3 {[%emt 0:17:53]} Rc8 {[%emt 0:05:50]} 17. Rac1 {[%emt 0:02:18]} Bc6 {[%emt 0:00:59]} 18. Nxc6 {[%emt 0:04:16]} Rxc6 {[%emt 0:00:49]} 19. Nxd5 {[%emt 0:00:27]} Nxd5 {[%emt 0:01:23]} 20. Rxc6 {[%emt 0:00:23]} bxc6 {[%emt 0:00:02]} 21. Qxa6 {[%emt 0:01:26]} Qd7 {[%emt 0:02:57]} 22. Qe2 {[%emt 0:04:47]} Bf6 {[%emt 0:04:05]} 23. Bc2 {[%emt 0:03:39]} Bg7 {[%emt 0:02:18]} 24. h4 {[%emt 0:05:58]} f5 {[%emt 0:09:54]} 25. hxg5 {[%emt 0:05:16]} hxg5 {[%emt 0:00:11]} 26. Be5 {[%emt 0:00:51]} Bf6 {[%emt 0:10:05]} 27. a5 {[%emt 0:07:15]} Qh7 {[%emt 0:01:32]} 28. Bd6 {[%emt 0:03:44]} Re8 {[%emt 0:01:08]} 29. a6 {[%emt 0:01:48]} Kf7 {[%emt 0:01:22]} 30. g3 {[%emt 0:07:11]} Rh8 {[%emt 0:07:53]} 31. Qf3 {[%emt 0:00:19]} Qh3 {[%emt 0:01:49]} 32. Bb3 {[%emt 0:05:20]} f4 {[%emt 0:00:42]} 33. Bxd5 {[%emt 0:02:17]} cxd5 {[%emt 0:00:08]} 34. a7 {[%emt 0:00:53]} g4 {[%emt 0:01:22]} 35. Qg2 {[%emt 0:00:11]} Qh7 {[%emt 0:00:00]} 36. Bxf4 {[%emt 0:01:26]} Bxd4 {[%emt 0:00:24]} 37. Bb8 {[%emt 0:00:43]} Qc2 {[%emt 0:00:30]} 38. Ra1 {[%emt 0:01:23]} Bxa7 {[%emt 0:00:40]} 39. Bxa7 {[%emt 0:01:09]} Qxb2 {[%emt 0:00:06]} 40. Qf1 {[%emt 0:00:59]} Qe5 {[%emt 0:00:52]} 41. Ra4 {[%emt 0:03:46]} Qh5 {[%emt 0:05:11]} 42. Rf4+ {[%emt 0:01:36]} Ke8 {[%emt 0:00:14]} 43. Qb5+ {[%emt 0:00:25]} Kd8 {[%emt 0:01:18]} 44. Qb8+ {[%emt 0:02:03]} Kd7 {[%emt 0:01:01]} 45. Qb7+ {[%emt 0:00:15]} 1-0

[Event "SVK Extraliga 2019-20"]
[Site "Slovakia"]
[Date "2019.10.19"]
[Round "1.5"]
[White "Pniaczek, Marek"]
[Black "Haring, Filip"]
[Result "0-1"]
[WhiteElo "2118"]
[BlackElo "2294"]
[Annotator "NA"]
[PlyCount "66"]
[EventDate "2019.10.19"]
[EventType "team-tourn"]
[EventCountry "SVK"]
[SourceTitle "playchess.com"]
[Source "ChessBase"]
[SourceQuality "1"]
[WhiteTeam "Dunajov"]
[BlackTeam "Liptovska"]
[TimeControl "40/5400+30:1800+30"]

{[%evp 8,47,20,32767,10,32767,32767,32767,32767,32767,32767,32767,32767,47,41,32767,56,1,31,-40,-35,-40,-10,0,-11,-13,-1,-14,0,0,0,-19,0,-83,-87,-74,0,0,32767,-126,-39,-856]} 1. e4 c5 2. Nf3 Nc6 3. d4 cxd4 4. Nxd4 e5 5. Nb5 d6 6. c4 Be7 7. N5c3 {B32: Sicilian: Löwenthal and Kalashnikov Variations} (7. N1c3 a6 8. Na3 Be6 9. Nc2 Rc8 10. Be2 Na5 11. b3 b5 12. Ne3 bxc4 13. Ned5 Nf6 14. Be3 Bxd5 15. Nxd5 Nxd5 16. Qxd5 O-O 17. O-O cxb3 18. Bxa6 {1-0 (57) Nihal,S (2610)-Cori,J (2676) Khanty-Mansiysk 2019}) 7... Nf6 8. Bd3 O-O 9. O-O Bg4 10. f3 Be6 11. Be3 Nh5 12. Ne2 $146 (12. Qd2 $14) ({Predecessor:} 12. Na3 Nf4 13. Rc1 Bg5 14. Qd2 h6 15. Bb1 a6 {½-½ (31) Tesik,C (2165)-Fekete,A (2262) Hungary 2010}) 12... Nf4 13. Nxf4 exf4 14. Bf2 {[%emt 0:41:13]} Ne5 15. Na3 Rc8 16. Rc1 a6 17. Be2 f5 18. exf5 Rxf5 {[%emt 0:45:10]} 19. Qd4 {[%emt 0:10:50]} (19. Nc2 $5 {[%cal Rc2d4]}) 19... Qe8 {[%emt 0:07:04]} 20. Bd3 {[%emt 0:08:37]} (20. Qe4 $11 {remains equal.}) 20... Rg5 {[%emt 0:09:19]} 21. Kh1 {[%emt 0:08:53]} Qh5 {[%emt 0:02:44]} (21... Bf6 $15) 22. Be4 {[%emt 0:01:20]} Kh8 {[%emt 0:08:37]} 23. Be1 $2 {[%emt 0:07:11] [#]} (23. Bxb7 $14 Rb8 24. Qa7 (24. Bxa6 $2 Rxg2 25. Bg1 Rbxb2 $19)) 23... d5 $15 {[%emt 0:07:22]} 24. Bxd5 $2 {[%emt 0:01:59]} (24. cxd5 $15 Rxc1 25. dxe6) 24... Bc5 {[%emt 0:09:44]} 25. Qxc5 {[%emt 0:06:21]} Rxc5 26. Bxe6 Rc6 {[%emt 0:08:19]} 27. Bh3 {[%emt 0:00:51]} Rd6 {[%emt 0:01:58]} 28. Bb4 {[%emt 0:06:43]} Rd3 {[%emt 0:00:45]} 29. Rcd1 {[%emt 0:04:56]} h6 {[%emt 0:00:56]} 30. Bc3 {[%emt 0:03:05]} Rxd1 {[%emt 0:01:00]} 31. Rxd1 {[%emt 0:00:05]} Nxf3 {[%emt 0:00:14]} 32. Rf1 Nh4 33. Re1 {[%emt 0:03:55]} f3 {[%emt 0:01:29]} 0-1

[Event "SVK Extraliga 2019-20"]
[Site "Slovakia"]
[Date "2019.10.19"]
[Round "1.6"]
[White "Kostolansky, Sebastian Lukas"]
[Black "Vojtek, Vladimir"]
[Result "1-0"]
[WhiteElo "2418"]
[BlackElo "2312"]
[Annotator "NA RC"]
[PlyCount "71"]
[EventDate "2019.10.19"]
[EventType "team-tourn"]
[EventCountry "SVK"]
[SourceTitle "playchess.com"]
[Source "ChessBase"]
[SourceQuality "1"]
[WhiteTeam "Slovan"]
[BlackTeam "Dubnica"]
[TimeControl "40/5400+30:1800+30"]

1. e4 {[%emt 0:00:00]} c5 {[%emt 0:00:00]} 2. Nf3 {[%emt 0:00:00]} d6 {[%emt 0:00:00]} 3. c3 {[%emt 0:00:36]} Nf6 {[%emt 0:00:00]} 4. Bd3 {[%emt 0:04:10]} Nc6 {[%emt 0:01:33]} 5. O-O {[%emt 0:01:37]} g6 {[%emt 0:06:34]} 6. h3 {[%emt 0:02:51]} Ne5 {[%emt 0:06:21]} 7. Bc2 {[%emt 0:07:42]} Nxf3+ {[%emt 0:00:23]} 8. Qxf3 {[%emt 0:00:07]} Bg7 {[%emt 0:01:41]} 9. d4 {[%emt 0:05:24]} O-O {[%emt 0:02:48]} 10. dxc5 {[%emt 0:06:04]} dxc5 {[%emt 0:00:50]} 11. Nd2 {[%emt 0:03:43]} Be6 {[%emt 0:05:48]} 12. Qe2 {[%emt 0:03:30]} Nh5 {[%emt 0:13:25]} 13. Nf3 {[%emt 0:03:38]} Qc7 {[%emt 0:05:33]} 14. e5 {[%emt 0:03:12]} Bh8 {[%emt 0:06:01]} 15. Bh6 {[%emt 0:06:38]} Bg7 {[%emt 0:07:40]} 16. Bc1 {[%emt 0:12:00]} Bh8 {[%emt 0:00:21]} 17. g4 {[%emt 0:09:26]} Ng7 {[%emt 0:00:25]} 18. Bh6 {[%emt 0:02:32]} b5 {[%emt 0:09:44]} 19. Rfe1 {[%emt 0:05:12]} Rfe8 {[%emt 0:06:06]} 20. Ng5 {[%emt 0:01:48]} Bc4 {[%emt 0:05:37]} 21. Qf3 {[%emt 0:01:08]} Rad8 {[%emt 0:13:04]} 22. Bb3 {[%emt 0:03:27]} Bxb3 {[%emt 0:02:55]} 23. axb3 {[%emt 0:00:10]} Rf8 {[%emt 0:01:05]} 24. e6 {[%emt 0:06:45]} fxe6 {[%emt 0:00:47]} 25. Qe2 {[%emt 0:00:05]} Qf4 {[%emt 0:03:03]} 26. Bxg7 {[%emt 0:00:45]} Qxg5 {[%emt 0:00:08]} 27. Bxf8 {[%emt 0:00:15]} Kxf8 {[%emt 0:00:47]} 28. Qxe6 {[%emt 0:00:34]} Bf6 {[%emt 0:00:20]} 29. Rxa7 {[%emt 0:00:44]} h5 {[%emt 0:00:16]} 30. Rd7 {[%emt 0:03:17]} Ra8 {[%emt 0:00:44]} 31. Rd5 {[%emt 0:03:33]} Qh4 {[%emt 0:00:36]} 32. g5 {[%emt 0:00:45]} Bxg5 {[%emt 0:00:33]} 33. Re4 {[%emt 0:01:57]} Bf4 {[%emt 0:00:28]} 34. Qxg6 {[%emt 0:00:10]} e5 {[%emt 0:00:44]} 35. Rdxe5 {[%emt 0:00:21]} Bh2+ {[%emt 0:00:38]} 36. Kg2 {[%emt 0:00:10]} 1-0

[Event "SVK Extraliga 2019-20"]
[Site "Slovakia"]
[Date "2019.10.19"]
[Round "1.6"]
[White "Zambor, Norbert"]
[Black "Zwardon, Vojtech"]
[Result "0-1"]
[WhiteElo "2281"]
[BlackElo "2471"]
[Annotator "ChessBase"]
[PlyCount "152"]
[EventDate "2019.10.19"]
[EventType "team-tourn"]
[EventCountry "SVK"]
[SourceTitle "playchess.com"]
[Source "ChessBase"]
[SourceQuality "1"]
[WhiteTeam "Prakovce"]
[BlackTeam "Zilina"]
[TimeControl "40/5400+30:1800+30"]

1. e4 {[%emt 0:00:00]} c5 {[%emt 0:00:00]} 2. Nf3 {[%emt 0:00:00]} Nc6 {[%emt 0:00:00]} 3. c3 {[%emt 0:04:46]} Nf6 {[%emt 0:00:00]} 4. e5 {[%emt 0:00:40]} Nd5 {[%emt 0:00:00]} 5. d4 {[%emt 0:00:39]} cxd4 {[%emt 0:00:00]} 6. cxd4 {[%emt 0:00:54]} d6 {[%emt 0:00:00]} 7. Bc4 {[%emt 0:04:37]} Be6 {[%emt 0:00:00]} 8. Qe2 {[%emt 0:24:45]} g6 {[%emt 0:02:48]} 9. O-O {[%emt 0:05:16]} Bg7 {[%emt 0:00:34]} 10. Rd1 {[%emt 0:12:52]} O-O {[%emt 0:01:09]} 11. Ng5 {[%emt 0:05:52]} dxe5 {[%emt 0:02:41]} 12. Nxe6 {[%emt 0:01:40]} fxe6 {[%emt 0:00:25]} 13. dxe5 {[%emt 0:09:15]} Nxe5 {[%emt 0:01:32]} 14. Nc3 {[%emt 0:03:48]} Nxc3 {[%emt 0:03:11]} 15. bxc3 {[%emt 0:06:13]} Qc8 {[%emt 0:02:11]} 16. Bb3 {[%emt 0:00:15]} a5 {[%emt 0:00:51]} 17. Bh6 {[%emt 0:02:28]} Bxh6 {[%emt 0:01:10]} 18. Qxe5 {[%emt 0:00:08]} Rf6 {[%emt 0:00:14]} 19. Rd4 {[%emt 0:03:39]} Kf7 {[%emt 0:03:13]} 20. Re1 {[%emt 0:04:42]} Ra6 {[%emt 0:00:32]} 21. Rh4 {[%emt 0:03:04]} Kg7 {[%emt 0:02:00]} 22. Rc4 {[%emt 0:01:02]} Qd8 {[%emt 0:06:53]} 23. g3 {[%emt 0:03:32]} Rd6 {[%emt 0:00:31]} 24. Rd4 {[%emt 0:00:11]} Qb6 {[%emt 0:07:25]} 25. Red1 {[%emt 0:00:27]} Kf7 {[%emt 0:01:00]} 26. g4 {[%emt 0:01:35]} Rc6 {[%emt 0:04:01]} 27. R1d3 {[%emt 0:00:38]} Rc5 {[%emt 0:02:39]} 28. Qe4 {[%emt 0:00:05]} Bf4 {[%emt 0:00:47]} 29. Rf3 {[%emt 0:00:50]} Re5 {[%emt 0:05:27]} 30. Qd3 {[%emt 0:00:10]} Re1+ {[%emt 0:00:13]} 31. Kg2 {[%emt 0:00:03]} Qc7 {[%emt 0:01:00]} 32. Re4 {[%emt 0:01:14]} Rxe4 {[%emt 0:03:47]} 33. Qxe4 {[%emt 0:00:01]} Kg7 {[%emt 0:01:20]} 34. Bxe6 {[%emt 0:00:56]} Bxh2 {[%emt 0:00:57]} 35. Bd5 {[%emt 0:00:34]} b6 {[%emt 0:02:26]} 36. Rxf6 {[%emt 0:00:16]} exf6 {[%emt 0:00:11]} 37. c4 {[%emt 0:00:32]} Be5 {[%emt 0:00:21]} 38. a4 {[%emt 0:00:21]} Qd7 {[%emt 0:01:48]} 39. Bc6 {[%emt 0:00:45]} Qd2 {[%emt 0:00:13]} 40. Qe3 {[%emt 0:00:25]} Qd1 {[%emt 0:06:17]} 41. Qf3 {[%emt 0:02:17]} Qc2 {[%emt 0:00:29]} 42. Qe4 {[%emt 0:00:31]} Qc1 {[%emt 0:00:22]} 43. Bb5 {[%emt 0:10:49]} Qg5 {[%emt 0:02:23]} 44. Kf1 {[%emt 0:01:14]} Qc1+ {[%emt 0:03:05]} 45. Kg2 {[%emt 0:00:37]} Kh6 {[%emt 0:00:10]} 46. Qe3+ {[%emt 0:04:50]} Qxe3 {[%emt 0:00:10]} 47. fxe3 {[%emt 0:00:02]} Kg5 {[%emt 0:00:05]} 48. Bd7 {[%emt 0:02:31]} Kh4 {[%emt 0:00:18]} 49. e4 {[%emt 0:01:12]} Kg5 {[%emt 0:01:30]} 50. Kf3 {[%emt 0:00:09]} Kh6 {[%emt 0:00:04]} 51. Be6 {[%emt 0:02:48]} Kg7 {[%emt 0:00:32]} 52. Ke3 {[%emt 0:00:57]} Kf8 {[%emt 0:01:03]} 53. Kd3 {[%emt 0:01:14]} Ke7 {[%emt 0:01:00]} 54. Bg8 {[%emt 0:01:08]} h6 {[%emt 0:00:25]} 55. Ke3 {[%emt 0:03:47]} h5 {[%emt 0:00:00]} 56. gxh5 {[%emt 0:01:07]} gxh5 {[%emt 0:00:01]} 57. Bh7 {[%emt 0:00:12]} Kd6 {[%emt 0:00:05]} 58. Kf3 {[%emt 0:03:03]} Kc5 {[%emt 0:00:04]} 59. Bg6 {[%emt 0:00:44]} h4 {[%emt 0:00:12]} 60. Kg4 {[%emt 0:00:29]} Bg3 {[%emt 0:00:01]} 61. Be8 {[%emt 0:01:01]} Kxc4 {[%emt 0:00:25]} 62. Bd7 {[%emt 0:00:20]} Kd4 {[%emt 0:00:59]} 63. Kf3 {[%emt 0:00:24]} Bd6 {[%emt 0:01:06]} 64. Be6 {[%emt 0:00:41]} b5 {[%emt 0:01:55]} 65. axb5 {[%emt 0:00:17]} Kc5 {[%emt 0:00:04]} 66. Kg4 {[%emt 0:00:51]} Bg3 {[%emt 0:00:04]} 67. Kf3 {[%emt 0:00:34]} Kxb5 {[%emt 0:00:16]} 68. Ke3 {[%emt 0:00:09]} Kc5 {[%emt 0:00:18]} 69. Kd3 {[%emt 0:00:09]} Kd6 {[%emt 0:00:07]} 70. Bf5 {[%emt 0:00:26]} Ke5 {[%emt 0:00:04]} 71. Bd7 {[%emt 0:01:08]} Kf4 {[%emt 0:00:06]} 72. e5 {[%emt 0:00:37]} fxe5 {[%emt 0:00:08]} 73. Bc6 {[%emt 0:00:10]} h3 {[%emt 0:00:08]} 74. Ke2 {[%emt 0:00:11]} e4 {[%emt 0:00:17]} 75. Kf1 {[%emt 0:00:09]} h2 {[%emt 0:00:23]} 76. Kg2 {[%emt 0:00:03]} e3 {[%emt 0:00:20]} 0-1

[Event "SVK Extraliga 2019-20"]
[Site "Slovakia"]
[Date "2019.10.19"]
[Round "1.6"]
[White "Krak, Tomas"]
[Black "Csonka, Attila Istvan"]
[Result "1-0"]
[WhiteElo "2269"]
[BlackElo "2355"]
[Annotator "NA"]
[PlyCount "83"]
[EventDate "2019.10.19"]
[EventType "team-tourn"]
[EventCountry "SVK"]
[SourceTitle "playchess.com"]
[Source "ChessBase"]
[SourceQuality "1"]
[WhiteTeam "Humenne"]
[BlackTeam "Streda"]
[TimeControl "40/5400+30:1800+30"]

{[%evp 16,64,13,32767,-22,32767,32767,-23,0,0,86,8,25,13,18,32767,107,109,129,125,131,107,106,94,99,101,108,128,119,124,32767,120,118,100,162,152,166,157,189,32767,32767,232,218,261,32767,234,184,254,32767,241,208]} 1. Nf3 {[%emt 0:01:21]} Nf6 {[%emt 0:00:00]} 2. c4 {[%emt 0:00:05]} e6 {[%emt 0:00:00]} 3. g3 {[%emt 0:00:24]} d5 {[%emt 0:00:00]} 4. Bg2 {[%emt 0:00:18]} Be7 {[%emt 0:00:05]} 5. O-O {[%emt 0:00:13]} O-O {[%emt 0:00:06]} 6. d4 {[%emt 0:00:38]} Nbd7 {[%emt 0:00:08]} 7. b3 {[%emt 0:17:50]} c6 {[%emt 0:01:24]} 8. Qc2 {[%emt 0:00:26]} b6 {[%emt 0:00:15]} 9. Nc3 {[%emt 0:00:19]} Ba6 {[%emt 0:00:27]} 10. Nd2 {[%emt 0:05:38]} Rc8 {[%emt 0:02:03] E08: Closed Catalan: Main Line: 7 Qc2} (10... b5 11. e4 dxc4 12. bxc4 bxc4 13. Rd1 Qa5 14. Bf1 Nb6 15. Bb2 Rfd8 16. Nf3 h6 17. a4 Rac8 18. Nb1 {1-0 (39) Postny,E (2615)-Geller,J (2518) St Petersburg 2018}) 11. e4 {[%emt 0:10:07]} c5 {[%emt 0:03:46]} 12. exd5 {[%emt 0:11:27]} exd5 {[%emt 0:00:21]} (12... cxd4 $11 {keeps the balance.} 13. dxe6 fxe6) 13. Nxd5 {[%emt 0:03:31]} (13. dxc5 $16 d4 14. c6) 13... Nxd5 {[%emt 0:04:38]} 14. Bxd5 {[%emt 0:00:36]} Nf6 {[%emt 0:00:06]} 15. Bg2 {[%emt 0:02:02]} Qxd4 {[%emt 0:08:15]} (15... cxd4 $11 16. Bb2 b5) 16. Bb2 {[%emt 0:00:51]} Qg4 $146 {[%emt 0:00:06]} ({Predecessor:} 16... Qd7 17. Rad1 Qc7 18. Rfe1 Rcd8 19. Ne4 Rxd1 20. Rxd1 Nxe4 21. Bxe4 h6 22. Bd5 Kh8 23. Qf5 Bc8 24. Qh5 f6 25. Qg6 {1-0 (25) Erdeljan,M-Ljubicic,A Yugoslavia 1989}) 17. Rfe1 {[%emt 0:02:22]} Rc7 {[%emt 0:01:02]} 18. Ne4 {[%emt 0:05:19]} Bb7 {[%emt 0:06:39]} 19. Bxf6 {[%emt 0:06:20]} Bxf6 {[%emt 0:01:16]} 20. Nxf6+ {[%emt 0:00:21]} gxf6 {[%emt 0:00:05]} 21. Bxb7 {[%emt 0:01:51]} Rxb7 {[%emt 0:00:16]} 22. Re4 {[%emt 0:03:59]} Qg6 {[%emt 0:01:29]} 23. Qe2 {[%emt 0:01:03]} f5 {[%emt 0:04:01]} 24. Re5 {[%emt 0:05:46]} Rd8 {[%emt 0:02:08]} (24... Rd7 $16) 25. Rd1 {[%emt 0:01:31]} Rxd1+ {[%emt 0:05:34]} 26. Qxd1 {[%emt 0:00:09]} f6 {[%emt 0:14:26]} 27. Qd5+ {[%emt 0:02:06]} Qf7 {[%emt 0:00:15]} 28. Rxf5 {[%emt 0:04:14]} Rd7 {[%emt 0:02:14]} 29. Qf3 {[%emt 0:01:48]} Rd6 {[%emt 0:01:19]} 30. Kg2 {[%emt 0:00:55]} Kg7 {[%emt 0:02:40]} 31. h4 {[%emt 0:05:31]} Qe6 {[%emt 0:02:30]} 32. a4 $18 {[%emt 0:02:44]} Rd4 {[%emt 0:01:30]} 33. Rd5 {[%emt 0:02:18]} Rxd5 {[%emt 0:02:21]} 34. cxd5 {[%emt 0:00:38]} Qe5 {[%emt 0:01:23]} 35. Qd3 {[%emt 0:00:31]} Kf8 {[%emt 0:01:40]} 36. d6 {[%emt 0:01:06]} Ke8 {[%emt 0:00:03]} 37. Qb5+ {[%emt 0:00:22]} Kf8 {[%emt 0:02:03]} 38. Qc6 {[%emt 0:00:17]} f5 {[%emt 0:01:52]} 39. Qa8+ {[%emt 0:01:54]} Qe8 {[%emt 0:00:46]} 40. Qd5 {[%emt 0:00:23]} Qe4+ {[%emt 0:00:27]} 41. Qxe4 {[%emt 0:30:15]} fxe4 {[%emt 0:30:03]} 42. Kf1 {[%emt 0:00:35]} 1-0

[Event "SVK Extraliga 2019-20"]
[Site "Slovakia"]
[Date "2019.10.19"]
[Round "1.6"]
[White "Haring, Viktor"]
[Black "Matejovic, Juraj"]
[Result "0-1"]
[WhiteElo "2266"]
[BlackElo "2228"]
[Annotator "NA"]
[PlyCount "116"]
[EventDate "2019.10.19"]
[EventType "team-tourn"]
[EventCountry "SVK"]
[SourceTitle "playchess.com"]
[Source "ChessBase"]
[SourceQuality "1"]
[WhiteTeam "Liptovska"]
[BlackTeam "Dunajov"]
[TimeControl "40/5400+30:1800+30"]

1. e4 {[%emt 0:00:00]} c5 {[%emt 0:00:00]} 2. Nf3 {[%emt 0:00:06]} e6 {[%emt 0:00:09]} 3. d4 {[%emt 0:00:20]} cxd4 {[%emt 0:00:12]} 4. Nxd4 {[%emt 0:00:12]} Nc6 {[%emt 0:00:09]} 5. Nc3 {[%emt 0:01:07]} Nf6 {[%emt 0:00:10]} 6. Ndb5 {[%emt 0:01:56]} Bb4 {[%emt 0:05:43]} 7. a3 {[%emt 0:06:11]} Bxc3+ {[%emt 0:00:41]} 8. Nxc3 {[%emt 0:00:12]} d5 {[%emt 0:00:17]} 9. exd5 {[%emt 0:02:00]} exd5 {[%emt 0:00:14]} 10. Bd3 {[%emt 0:12:47]} O-O {[%emt 0:00:53]} 11. O-O {[%emt 0:00:54]} d4 {[%emt 0:00:23]} 12. Ne2 {[%emt 0:01:42]} Qd5 {[%emt 0:00:45]} 13. Nf4 {[%emt 0:14:39]} Qd6 {[%emt 0:00:19]} 14. Nh5 {[%emt 0:06:56]} Ng4 {[%emt 0:00:51] B45: Sicilian Four Knights} (14... Nxh5 15. Qxh5 h6 16. f4 f5 17. Bd2 Qf6 18. c4 Be6 19. b4 Qf7 20. Qxf7+ Kxf7 21. Rfe1 b6 22. Re2 Rac8 23. Rae1 {1-0 (50) Grischuk,A (2763)-Safarli,E (2620) Istanbul 2012}) 15. Bf4 {[%emt 0:06:34]} Qd8 {[%emt 0:00:08]} 16. Ng3 {[%emt 0:08:58]} Qh4 {[%emt 0:51:14]} 17. Ne4 $146 {[%emt 0:02:12]} ({Predecessor:} 17. Nf5 Bxf5 18. Bxf5 Nh6 19. Bg3 Qg5 20. Be4 f5 21. f4 Qg6 22. Bf3 {1-0 (56) Karpov,A-Alburt,L Daugavpils 1971}) 17... h6 {[%emt 0:04:08]} 18. Bg3 {[%emt 0:05:10]} Qd8 {[%emt 0:01:09]} 19. Bc4 {[%emt 0:12:27]} Nge5 {[%emt 0:01:32]} 20. Ba2 {[%emt 0:00:26]} Bf5 {[%emt 0:02:28]} 21. Re1 $11 {[%emt 0:01:31]} (21. Bxe5 $5 Nxe5 22. Ng3 $11) 21... Re8 {[%emt 0:05:41]} 22. Qd2 {[%emt 0:05:53]} b6 {[%emt 0:06:09]} 23. f3 {[%emt 0:01:54]} Be6 {[%emt 0:01:35]} 24. Bxe6 {[%emt 0:04:08]} Rxe6 {[%emt 0:00:11]} 25. b3 {[%emt 0:00:12]} Qd5 {[%emt 0:05:31]} 26. c4 {[%emt 0:01:18]} Qd7 {[%emt 0:00:49]} 27. f4 {[%emt 0:00:28]} Ng4 {[%emt 0:06:43]} 28. f5 {[%emt 0:00:19]} Ree8 {[%emt 0:00:29]} 29. f6 {[%emt 0:03:06]} Qf5 {[%emt 0:00:40]} 30. Nd6 {[%emt 0:00:40]} Rxe1+ {[%emt 0:00:20]} 31. Rxe1 {[%emt 0:00:06]} Qxf6 {[%emt 0:01:12]} 32. Rf1 {[%emt 0:00:05]} Qe6 {[%emt 0:00:54]} 33. Nf5 {[%emt 0:01:27]} Ne3 {[%emt 0:00:57]} 34. Nxe3 {[%emt 0:00:33]} dxe3 {[%emt 0:01:05]} 35. Qd5 {[%emt 0:00:28]} Re8 {[%emt 0:02:06]} 36. Re1 {[%emt 0:00:29]} Na5 {[%emt 0:01:27]} 37. Bf4 {[%emt 0:00:31]} Qxd5 {[%emt 0:00:29]} 38. cxd5 {[%emt 0:00:05]} Nxb3 {[%emt 0:00:23]} 39. Rxe3 {[%emt 0:00:55]} Rxe3 {[%emt 0:00:18]} 40. Bxe3 {[%emt 0:00:05]} Kf8 {[%emt 0:00:39]} 41. Bf4 {[%emt 0:04:04]} Ke7 {[%emt 0:00:07]} 42. Kf2 {[%emt 0:06:05]} Na5 {[%emt 0:07:19]} 43. Bb8 {[%emt 0:05:19]} a6 {[%emt 0:00:40]} 44. Kf3 {[%emt 0:09:56]} Nc4 {[%emt 0:04:44]} 45. a4 {[%emt 0:01:59]} g6 {[%emt 0:04:20]} 46. Ke4 {[%emt 0:03:55]} Nb2 {[%emt 0:01:42]} 47. Bf4 {[%emt 0:00:13]} h5 {[%emt 0:08:50]} 48. a5 {[%emt 0:01:31]} bxa5 {[%emt 0:00:23]} 49. Bc1 {[%emt 0:00:36]} Nc4 {[%emt 0:01:51]} 50. Kd4 {[%emt 0:00:14]} Nd6 {[%emt 0:00:33]} 51. Kc5 {[%emt 0:00:27]} Kd7 {[%emt 0:00:38]} 52. Kb6 {[%emt 0:01:11]} Nc4+ {[%emt 0:01:31]} 53. Kc5 {[%emt 0:00:06]} Ne5 {[%emt 0:00:28]} 54. Kd4 {[%emt 0:01:44]} f6 {[%emt 0:00:44]} 55. Ba3 {[%emt 0:00:02]} a4 {[%emt 0:01:31]} 56. Kc5 {[%emt 0:01:03]} Ng4 {[%emt 0:00:26]} 57. h3 {[%emt 0:00:31]} Ne3 {[%emt 0:00:27]} 58. g3 {[%emt 0:00:13]} Nc2 {[%emt 0:00:45] Kd4} 0-1

[Event "SVK Extraliga 2019-20"]
[Site "Slovakia"]
[Date "2019.10.19"]
[Round "1.6"]
[White "Frindt, Kornel"]
[Black "Maslikova, Veronika"]
[Result "0-1"]
[WhiteElo "2196"]
[BlackElo "2230"]
[Annotator "NA"]
[PlyCount "96"]
[EventDate "2019.10.19"]
[EventType "team-tourn"]
[EventCountry "SVK"]
[SourceTitle "playchess.com"]
[Source "ChessBase"]
[SourceQuality "1"]
[WhiteTeam "Kosice"]
[BlackTeam "Podhajska"]
[TimeControl "40/5400+30:1800+30"]

1. e4 c5 2. Nf3 d6 3. Bb5+ {[%emt 0:08:14]} Nc6 {[%emt 0:03:14]} 4. O-O {[%emt 0:03:26]} Bd7 {[%emt 0:01:19]} 5. d4 {[%emt 0:08:05]} cxd4 {[%emt 0:01:06]} 6. Nxd4 {[%emt 0:00:47]} Nf6 {[%emt 0:03:36]} 7. Nc3 {[%emt 0:00:52]} a6 {[%emt 0:06:17]} 8. Be2 {[%emt 0:06:48]} e6 {[%emt 0:06:29]} 9. a4 {[%emt 0:04:34]} Be7 {[%emt 0:03:42]} 10. Be3 {[%emt 0:04:52]} O-O {[%emt 0:03:35]} 11. f4 {[%emt 0:01:29]} Qc7 {[%emt 0:03:10]} 12. Nb3 {[%emt 0:05:07]} Nb4 {[%emt 0:15:08]} 13. a5 {[%emt 0:03:33]} Bc6 {[%emt 0:04:27]} 14. Bf3 {[%emt 0:02:17]} d5 {[%emt 0:05:46]} 15. e5 {[%emt 0:03:28]} Nd7 {[%emt 0:04:06]} 16. Bd4 {[%emt 0:04:25]} b5 {[%emt 0:07:22]} 17. Ne2 {[%emt 0:07:13]} Bb7 {[%emt 0:01:14]} 18. c3 {[%emt 0:01:16]} Nc6 {[%emt 0:00:02]} 19. Ng3 {[%emt 0:01:09]} Rac8 {[%emt 0:03:49]} 20. Rf2 {[%emt 0:06:30]} Rfe8 {[%emt 0:05:38]} 21. Bg4 {[%emt 0:04:05]} Bf8 {[%emt 0:01:53]} 22. Nf1 {[%emt 0:02:31]} b4 {[%emt 0:03:50]} 23. Ne3 {[%emt 0:00:39]} bxc3 {[%emt 0:00:24]} 24. bxc3 {[%emt 0:00:23]} Nxd4 {[%emt 0:02:00]} 25. cxd4 {[%emt 0:00:26]} Qc3 {[%emt 0:01:32]} 26. Rf3 {[%emt 0:01:42]} Qb4 {[%emt 0:02:10]} 27. Nc2 {[%emt 0:00:54]} Qc4 {[%emt 0:01:29]} 28. Ne3 {[%emt 0:00:49]} Qb4 {[%emt 0:00:07]} 29. Rb1 {[%emt 0:03:56]} Bc6 {[%emt 0:00:28]} 30. Rg3 {[%emt 0:01:32]} Rb8 {[%emt 0:01:41]} 31. f5 {[%emt 0:00:50]} Ba4 {[%emt 0:00:47]} 32. fxe6 fxe6 {[%emt 0:00:05]} 33. Nc2 {[%emt 0:05:37]} Qe7 {[%emt 0:00:25]} 34. Be2 {[%emt 0:00:33]} Bb5 {[%emt 0:00:41]} 35. Ne3 {[%emt 0:01:24]} Kh8 {[%emt 0:01:01]} 36. Bh5 {[%emt 0:00:18]} Rec8 {[%emt 0:00:47]} 37. Nc1 {[%emt 0:01:48]} Rc6 {[%emt 0:01:53]} 38. Rh3 {[%emt 0:00:21]} Qg5 {[%emt 0:01:04]} 39. Bf7 {[%emt 0:01:29]} Rbc8 {[%emt 0:00:17]} 40. Ne2 {[%emt 0:00:52]} Bxe2 {[%emt 0:04:09]} 41. Qxe2 {[%emt 0:30:19]} Qf4 {[%emt 0:32:44]} 42. Rf1 {[%emt 0:02:02]} Qe4 {[%emt 0:00:00]} 43. Qh5 {[%emt 0:00:00]} h6 {[%emt 0:00:00]} 44. Be8 {[%emt 0:00:00]} R6c7 {[%emt 0:00:00]} 45. Qf7 {[%emt 0:00:00]} Rd8 {[%emt 0:00:00]} 46. Qxe6 {[%emt 0:00:00]} Qxd4 {[%emt 0:00:00]} 47. Qxd5 {[%emt 0:00:00]} Bc5 {[%emt 0:00:00]} 48. Bxd7 {[%emt 0:01:17]} Qxd5 {[%emt 0:00:00]} 0-1